A complete guide to Lotus Notes 4.5 / (Record no. 180389)
[ view plain ]
| 000 -LEADER | |
|---|---|
| fixed length control field | 01288 a2200241 4500 |
| 003 - CONTROL NUMBER IDENTIFIER | |
| control field | Nust |
| 005 - DATE AND TIME OF LATEST TRANSACTION | |
| control field | 20220819110717.0 |
| 010 ## - LIBRARY OF CONGRESS CONTROL NUMBER | |
| LC control number | 97148990 |
| 020 ## - INTERNATIONAL STANDARD BOOK NUMBER | |
| International Standard Book Number | 1555581757 |
| 040 ## - CATALOGING SOURCE | |
| Transcribing agency | Nust |
| 082 00 - DEWEY DECIMAL CLASSIFICATION NUMBER | |
| Classification number | 005.3,COL |
| 100 1# - MAIN ENTRY--PERSONAL NAME | |
| Personal name | Collin, S. M. H., |
| 9 (RLIN) | 94137 |
| 245 12 - TITLE STATEMENT | |
| Title | A complete guide to Lotus Notes 4.5 / |
| Statement of responsibility, etc. | Simon Collin. |
| 260 ## - PUBLICATION, DISTRIBUTION, ETC. | |
| Place of publication, distribution, etc. | Boston : |
| Name of publisher, distributor, etc. | Digital Press, |
| Date of publication, distribution, etc. | c1997. |
| 300 ## - PHYSICAL DESCRIPTION | |
| Extent | x, 322 p. : |
| Other physical details | ill. ; |
| Dimensions | 24 cm. |
| 505 ## - FORMATTED CONTENTS NOTE | |
| Formatted contents note | Introduction: an overview of Lotus Notes 4(Page-1), Quick start to using Notes(Page-5), Hardware requirements (Page-45), Operating system software (Page-63), Networking Notes (Page-75), Remote access to Notes (Page-85), How Notes distributes information (Page-107), How Notes sees the world (Page-121), Managing Notes (Page-131), Electronic mail and communications (Page-167), Notes and the Internet (Page-185), Agents and automation (Page-197), Creating Notes applications (Page-203), Programming skills (Page-245), Setting up Notes (Page-257), Domino Server (Page-279). |
| 650 #0 - SUBJECT ADDED ENTRY--TOPICAL TERM | |
| Topical term or geographic name entry element | Business |
| General subdivision | Computer programs. |
| 9 (RLIN) | 19731 |
| 650 #0 - SUBJECT ADDED ENTRY--TOPICAL TERM | |
| Topical term or geographic name entry element | Database management |
| General subdivision | Computer programs. |
| 9 (RLIN) | 98222 |
| 650 #0 - SUBJECT ADDED ENTRY--TOPICAL TERM | |
| Topical term or geographic name entry element | Electronic mail systems. |
| 9 (RLIN) | 95299 |
| 650 #0 - SUBJECT ADDED ENTRY--TOPICAL TERM | |
| Topical term or geographic name entry element | Groupware (Computer software) |
| 9 (RLIN) | 98223 |
| 650 #0 - SUBJECT ADDED ENTRY--TOPICAL TERM | |
| Topical term or geographic name entry element | Web servers |
| 9 (RLIN) | 95902 |
| 942 ## - ADDED ENTRY ELEMENTS (KOHA) | |
| Source of classification or shelving scheme | |
| Koha item type | Book |
| Call number prefix | 005.3,COL |
| Withdrawn status | Lost status | Source of classification or shelving scheme | Damaged status | Not for loan | Permanent Location | Current Location | Shelving location | Date acquired | Full call number | Barcode | Date last seen | Price effective from | Koha item type | Public note |
|---|---|---|---|---|---|---|---|---|---|---|---|---|---|---|
| Military College of Signals (MCS) | Military College of Signals (MCS) | General Stacks | 12/12/2016 | 005.3,COL | MCS26635 | 12/08/2016 | 12/12/2016 | Book | Almirah No.5, Shelf No.6 |
